000 00784nam a22002177a 4500
005 20240530110624.0
008 161231s2015 ua a f b 000 0 ara d
017 _a2014/16502
_bمصر. دار الكتب
020 _a9789777351911
040 _aEG-CaGPL
_cEG-CaGPL
082 0 4 _221
_a610.953\
_bخ ت
100 0 _aخالد حربى .
245 1 0 _aتاريخ الطب الاسلامى بنية العلم الحديث /
_cخالد حربى .
250 _aط.1
260 _aالاسكندرية :
_bدار الوفاء لدنيا الطباعة و النشر ،
_c2015 .
300 _a370 ص ؛
_c24 سم .
504 _aببليوجرافية : ص 364 - 370
650 0 7 _2qrmak
_aالاسلام و الطب .
650 0 7 _2qrmak
_aالدين و الطب .
942 _2ddc
_cBK
999 _c63112
_d63112